Statistics for East African Federation Cities Map Quiz

Click here to take the quiz!

General Stats

  • This quiz has been taken 82 times
  • The average score is 10 of 17

Answers on the Map

Answers color-coded by a green-red scale on the quiz's map according to % correct below.
 

Answer Stats

Answer% Correct
Kampala
98%
Dar es Salaam
97%
Juba
97%
Nairobi
95%
Kigali
93%
Bujumbura
86%
Mombasa
86%
Zanzibar
86%
Arusha
76%
Mwanza
44%
Mbeya
31%
Kisumu
27%
Nakuru
24%
Morogoro
19%
Eldoret
17%
Ruiru
15%
Songea
14%

Score Distribution

Percentile by Number Answered

Percent of People with Each Score

Your Score History

You have not taken this quiz